000 00682nam a2200289Ia 4500
005 20260324122057.0
008 008 260324s9999 xx 000 0 eng d
020 _a9780429254574
037 _aEBOOK
040 _aCRL
040 _beng
040 _cCRL
041 _2eng
041 _aeng
084 _qCRL
100 _aGreg McLaughlin; Vinny Caraballo
_91161229
245 0 _aChance or Choice
245 0 _bUnlocking Innovation Success
260 _bTaylor and Francis
260 _c2013
365 _a
365 _b280
856 _uhttp://www.taylorfrancis.com/books/9780429254574
942 _cEBOOK
999 _c1757505
_d1757505